000 00429nam a2200205Ia 4500
001 14362
003 GE_BSU
008 181216s||||||||xx |||||||||||||| ||und||
020 _a0747248273
040 _cGE_BSU
080 _a821.111-32
100 _aBowling,Harry
245 _aWaggoner's Way
260 _aLondon
260 _bHeadline
260 _c1995
300 _a630p.18cm.
653 _aWaggoner's Way
942 _cBK
999 _c47498
_d47498